000 00324nam a22001457a 4500
008 210322b ||||| |||| 00| 0 eng d
020 _a9780072564303
041 _aeng
080 _25th
_a338
082 _a338
100 _a53
101 _aMEN
245 _aInternational Management
_cHodgetts, R. M
942 _2udc
_cBK
999 _c56647
_d56647